书目信息 |
| 题名: |
杯边秋色
|
|
| 作者: | 刘杲 主编 | |
| 分册: | ||
| 出版信息: | 北京 华夏出版社 1997.11 |
|
| 页数: | 324页 | |
| 开本: | 32开 | |
| 丛书名: | ||
| 单 册: | ||
| 中图分类: | I267 | |
| 科图分类: | ||
| 主题词: | 散文--中国 , 散文--作品综合集--中国 | |
| 电子资源: | ||
| ISBN: | 7-5080-1426-X | |
| 000 | 00557nam0 2200205 45 | |
| 001 | 0008171659 | |
| 005 | 20000817163035.0 | |
| 010 | @a7-5080-1426-X@d16.00元 | |
| 100 | @a20000817d1997 km y0chiy0120 ea | |
| 101 | 0 | @achi |
| 105 | @a z 000yy | |
| 200 | 1 | @a杯边秋色@ABei Bian Qiu Se@f刘杲主编@FLiu Gao Zhu Bian |
| 210 | @a北京@c华夏出版社@d1997.11 | |
| 215 | @a324页@d32开 | |
| 606 | 0 | @a散文@x中国 |
| 606 | 0 | @a散文@x作品综合集@x中国 |
| 690 | @aI267@v3 | |
| 701 | 0 | @a刘杲@4主编 |
| 801 | @aCN@bPftUser@c20000817 | |
| 905 | @b110023-025@dI267@eH285@f3 | |
| 杯边秋色/刘杲主编.-北京:华夏出版社,1997.11 |
| 324页;32开 |
| ISBN 7-5080-1426-X:16.00元 |
| ● |
| 相关链接 |
|
|
|
正题名:杯边秋色
索取号:I267/H285
 
预约/预借
| 序号 | 登录号 | 条形码 | 馆藏地/架位号 | 状态 | 备注 |
| 1 | 110023 | 201100236 | 社科二线422/422社科库 50排2列3层/ [索取号:I267/H285] | 在馆 | |
| 2 | 110024 | 201100245 | 文学库116/116文学库 4排1列2层/ [索取号:I267/H285] | 在馆 | |
| 3 | 110025 | 201100254 | 文学库116/116文学库 4排1列2层/ [索取号:I267/H285] | 在馆 |